Stranger things. Six, #2 / script: Jody Houser ; pencils: Edgar Salazar ; inks: Keith Champagne ; colors: Marissa Louise ; lettering: Nate Piekos of Blambot.
"A teenage girl with precognitive abilities ends up as the pawn of a government agency that wants to harness her powers for its own ends."--Provided by publisher.
Record details
- ISBN: 9781532144417
- ISBN: 1532144415
- Physical Description: 1 volume (unpaged) : color illustrations ; 27 cm
- Edition: Reinforced library bound edition.
- Publisher: Minneapolis, Minnesota : Spotlight, a division of ABDO / Dark Horse Books, 2020.
Content descriptions
| General Note: | Chiefly color illustrations. "Published by agreement with Dark Horse Comics." -- Title page verso. |
Search for related items by subject
| Genre: | Science fiction comics. Comics (Graphic works) Graphic novels. |
Available copies
- 1 of 1 copy available at scottsboropl.
Holds
- 0 current holds with 1 total copy.
Show Only Available Copies
| Location | Call Number / Copy Notes | Barcode | Shelving Location | Status | Due Date |
|---|---|---|---|---|---|
| scottsboropl | YA GN Hou | 32269001151102 | Young Adult - Graphic Novel | Available | - |
| LDR | 02377cam a2200517Ii 4500 | ||
|---|---|---|---|
| 001 | 153972 | ||
| 003 | CONS | ||
| 005 | 20200330072542.0 | ||
| 008 | 191003t20202020mnua j 000 1 eng d | ||
| 020 | . | ‡a9781532144417 ‡q(hardcover) | |
| 020 | . | ‡a1532144415 ‡q(hardcover) | |
| 035 | . | ‡a(CPomAG)LMN617712 | |
| 082 | 0 | 4. | ‡a741.5973 ‡223 |
| 100 | 1 | . | ‡aHouser, Jody, ‡eauthor. |
| 245 | 1 | 0. | ‡aStranger things. ‡pSix, ‡n#2 / ‡cscript: Jody Houser ; pencils: Edgar Salazar ; inks: Keith Champagne ; colors: Marissa Louise ; lettering: Nate Piekos of Blambot. |
| 246 | 3 | . | ‡a6, ‡nnumber two |
| 246 | 3 | . | ‡aSix, 2 |
| 246 | 1 | . | ‡iAt head of title: ‡aNetflix |
| 250 | . | ‡aReinforced library bound edition. | |
| 264 | 1. | ‡aMinneapolis, Minnesota : ‡bSpotlight, a division of ABDO / Dark Horse Books, ‡c2020. | |
| 300 | . | ‡a1 volume (unpaged) : ‡bcolor illustrations ; ‡c27 cm | |
| 336 | . | ‡astill image ‡bsti ‡2rdacontent | |
| 336 | . | ‡atext ‡btxt ‡2rdacontent | |
| 337 | . | ‡aunmediated ‡bn ‡2rdamedia | |
| 338 | . | ‡avolume ‡bnc ‡2rdacarrier | |
| 500 | . | ‡aChiefly color illustrations. | |
| 500 | . | ‡a"Published by agreement with Dark Horse Comics." -- Title page verso. | |
| 520 | . | ‡a"A teenage girl with precognitive abilities ends up as the pawn of a government agency that wants to harness her powers for its own ends."--Provided by publisher. | |
| 650 | 0. | ‡aMissing children ‡vComic books, strips, etc. ‡vJuvenile fiction. | |
| 650 | 0. | ‡aParapsychology ‡vComic books, strips, etc. ‡vJuvenile fiction. | |
| 650 | 0. | ‡aHuman experimentation in medicine ‡vComic books, strips, etc. ‡vJuvenile fiction. | |
| 650 | 0. | ‡aDisappearances (Parapsychology) ‡vComic books, strips, etc. ‡vJuvenile fiction. | |
| 650 | 0. | ‡aMonsters ‡vComic books, strips, etc. ‡vJuvenile fiction. | |
| 655 | 7. | ‡aScience fiction comics. ‡2lcgft | |
| 655 | 7. | ‡aComics (Graphic works) ‡2lcgft | |
| 655 | 7. | ‡aGraphic novels. ‡2lcgft | |
| 700 | 1 | . | ‡aSalazar, Edgar, ‡d1973- ‡epenciler. |
| 700 | 1 | . | ‡aChampagne, Keith, ‡einker. |
| 700 | 1 | . | ‡aLouise, Marissa, ‡ecolorist. |
| 700 | 1 | . | ‡aPiekos, Nate, ‡eletterer. |
| 710 | 2 | . | ‡aNetflix (Firm) |
| 710 | 2 | . | ‡aDark Horse Books. |
| 730 | 0 | . | ‡iBased on (expression): ‡aStranger things (Television program) |
| 914 | . | ‡aSCP_LP | |
| 959 | . | ‡i32269001151102 ‡lYA GN Hou ‡aYoung Adult - Graphic Novel ‡tHardback ‡g40.00 | |
| 852 | . | ‡p32269001151102 ‡jYA GN Hou ‡gYoung Adult - Graphic Novel ‡cHardback ‡y40.00 ‡bSBPL | |
| 901 | . | ‡a153972 ‡bUnknown ‡c153972 ‡tbiblio | |